Chemical time bombs : linkages to scenarios of socioeconomic development /

Uložené v:
Podrobná bibliografia
Ďalší autori: Hesterberg, D. (Editor), Stigliani, William M. (Editor), Imeson, A. C. (Editor)
Médium: Kniha
Jazyk:English
Vydané: Laxenburg : IIASA, 1992.
Vydanie:1st ed.
ISBN: (brož.)
Fyzický popis: 28 s.
Tagy: Pridať tag
Žiadne tagy, Buďte prvý kto otaguje tento záznam!

MARC

LEADER 00000nam a2200000 a 4500
001 000242513
005 20130124084200.0
008 920515s1992 au e eng d
020 |a (brož.) 
040 |a SVKKK  |b slo  |c SVKKK  |e AACR2 
041 0 |a eng 
044 |a au  |c AT 
245 1 0 |a Chemical time bombs :  |b linkages to scenarios of socioeconomic development /  |c edit. D. Hesterberg, William M. Stigliani, A. C. Imeson. 
250 |a 1st ed. 
260 |a Laxenburg :  |b IIASA,  |c 1992. 
300 |a 28 s. 
700 1 |a Hesterberg, D.  |4 edt 
700 1 |a Stigliani, William M.  |4 edt 
700 1 |a Imeson, A. C.  |4 edt 
910 |a svkkk 
998 |a BK 
090 |g SCKHL  |k Sklad Pribinova prízemie  |a IV.162568  |j 851977  |i 242513-10  |s Absenčne